Top 10 Città più popolose Provincia di Asti - Statistics

Statistiche generali
  • Questo quiz è stato fatto 29 volte
  • Il punteggio medio è 5 su 10
Statistiche sulle risposte
Popolazione (ab.) Città % Corretto
73 899 Asti
95%
10 569 Canelli
64%
10 372 Nizza Monferrato
55%
5 774 Villanova d'Asti
55%
8 373 San Damiano d'Asti
50%
3 250 Villafranca d'Asti
41%
5 969 Costigliole d'Asti
36%
3 184 Moncalvo
32%
3 260 Castelnuovo Don Bosco
23%
3 784 Castagnole delle Lanze
18%
Nessun quiz corrispondente trovato
Distribuzione punteggi
Percentuale di utenti per punteggio
Percentile per numero di risposta
I tuoi punteggi nel tempo
Non hai fatto questo quiz